Modern Economics: (Record no. 194170)

MARC details
000 -LEADER
fixed length control field 00834nam a22001937a 4500
005 - DATE AND TIME OF LATEST TRANSACTION
control field 20230130104315.0
010 ## - LCCN (DPL NO)
LC control number B-747249-254 E.N.A./7.11.22
020 ## - INTERNATIONAL STANDARD BOOK NUMBER
International Standard Book Number 9789355011886
Terms of availability 1299.00
035 ## - SYSTEM CONTROL NUMBER
System control number B-747249-254
037 ## - SOURCE OF ACQUISITION
Source of stock number/acquisition AKPD
082 ## - DEWEY DECIMAL CLASSIFICATION NUMBER
Classification number 330
100 ## - MAIN ENTRY--PERSONAL NAME
Personal name Ahuja, L H
245 ## - TITLE STATEMENT
Title Modern Economics:
Remainder of title An Analytical Study 20th Edition/
Statement of responsibility, etc H L Ahuja
260 ## - PUBLICATION, DISTRIBUTION, ETC. (IMPRINT)
Place of publication, distribution, etc New Delhi
Name of publisher, distributor, etc S Chand And Company Limited
Date of publication, distribution, etc 2022
270 ## - ADDRESS
Address Block B-1, House No.D-1, Ground Floor, Mohan Co-operative Industrial Estate,
City New Delhi
Postal code 110044
Telephone number 011-66672000
300 ## - PHYSICAL DESCRIPTION
Extent xxiii,1752p.
Dimensions 25cm(hbk)
942 ## - ADDED ENTRY ELEMENTS (KOHA)
Source of classification or shelving scheme Dewey Decimal Classification
Item type English Books
Call number suffix AHU
Classification part 330
Holdings
Withdrawn status Lost status Not for loan Collection code Home library Current library Date acquired Source of acquisition Cost, normal purchase price Full call number Barcode Copy number Cost, replacement price Koha item type
      Non-fiction Ashok Vihar Ashok Vihar 30/01/2023 AKPD/A-22/28.11.22/147/23.11.22/2.12.22 1299.00 330 AHU B-747250 1 1299.00 English Books
      Non-fiction Bawana Bawana 30/01/2023 AKPD/A-22/28.11.22/147/23.11.22/2.12.22 1299.00 330 AHU B-747253 1 1299.00 English Books
      Non-fiction Central Library Central Library 30/01/2023 AKPD/A-22/28.11.22/147/23.11.22/2.12.22 1299.00 330 AHU B-747249 1 1299.00 English Books
      Non-fiction Patel Nagar Patel Nagar 30/01/2023 AKPD/A-22/28.11.22/147/23.11.22/2.12.22 1299.00 330 AHU B-747251 1 1299.00 English Books
      Non-fiction Sarojini Nagar Sarojini Nagar 30/01/2023 AKPD/A-22/28.11.22/147/23.11.22/2.12.22 1299.00 330 AHU B-747252 1 1299.00 English Books
      Non-fiction Shahdara Branch Shahdara Branch 30/01/2023 AKPD/A-22/28.11.22/147/23.11.22/2.12.22 1299.00 330 AHU B-747254 1 1299.00 English Books

© Delhi Public Library
Hit Counter
free hit counter